| 000 | 01316nam a2200241Ia 4500 | ||
|---|---|---|---|
| 003 | Ost | ||
| 005 | 20260507075244.0 | ||
| 008 | 260507s9999||||xx |||||||||||||| ||und|| | ||
| 020 | _a77945299579 | ||
| 040 | _cfsecg | ||
| 041 | _aara | ||
| 082 | _a330 | ||
| 100 |
_aالخطيب، سعادة راغب _eمؤلف |
||
| 245 | 0 |
_aمبادئ العلاقات العامة / _c سعادة راغب الخطيب |
|
| 260 |
_aعمان: _bدار البداية, _c2009 |
||
| 300 |
_a242 صفحة؛ _bإيضاحات ؛ _c24 سم |
||
| 504 | _aمراجع ص.240 ؛ ملاحق ص.222 | ||
| 520 | _aتاريخ العلاقات العامة، دائرة العلاقات العامة الوظيفية و التنظيم ، مفهوم العلاقات العامة في المؤسسات و اعداد البحوث ، تخطيط المشاريع في العلاقات العامة ، الاتصالات ، الاعلام في العلاقات العامة ، الاعلاقات العامة في المجال الدولي ، الاعلاقات العامة و الاعلان ، مفهوم الاعلام و العلاقات العامة،العلاقات الدولية و الدبلوماسية . | ||
| 653 | _aالاتصال | ||
| 653 | _aالاعلام | ||
| 653 | _aالعلاقات العامة | ||
| 942 | _cكتاب | ||
| 999 |
_c43641 _d43641 |
||